Statistics for Smallest countries with their own currency

Click here to take the quiz!

General Stats

  • This quiz has been taken 24 times
  • The average score is 12 of 15

Answer Stats

ContinentCurrencyPopulationAnswer% Correct
AustraliaVatu307kVanuatu
95%
South AmericaDollar786kGuyana
90%
South AmericaDollar586kSuriname
90%
AustraliaPa'anga105kTonga
90%
AustraliaTālā198kSamoa
86%
North AmericaDollar393kBahamas
81%
North AmericaDollar397kBelize
81%
AsiaDollar437kBrunei
76%
AfricaEscudo555kCape verde
76%
EuropeKrona341kIceland
76%
AfricaRupee98kSeychelles
76%
AustraliaDollar686kSolomon islands
76%
North AmericaDollar287kBarbados
71%
AsiaRufiyaa540kMaldives
71%
AsiaNgultrum771kBhutan
67%

Score Distribution

Percentile by Number Answered

Percent of People with Each Score

Your Score History

You have not taken this quiz